书目信息 |
| 题名: |
现代德语实用语法
|
|
| 作者: | 王兆渠 编 | |
| 分册: | ||
| 出版信息: | 上海 同济大学出版社 2005.02 |
|
| 页数: | 713页 | |
| 开本: | 21cm | |
| 丛书名: | ||
| 单 册: | ||
| 中图分类: | H334 | |
| 科图分类: | ||
| 主题词: | 德语--de yu--语法 | |
| 电子资源: | ||
| ISBN: | 7-5608-2237-1 | |
| 000 | 00938nam0 2200265 450 | |
| 001 | 012007129937 | |
| 005 | 20070622161913.85 | |
| 010 | @a7-5608-2237-1@dCNY32.00 | |
| 100 | @a20070411d2005 km y0chiy0120 ea | |
| 101 | 0 | @achi@ager |
| 102 | @aCN@b310000 | |
| 105 | @ay a 000yy | |
| 200 | 1 | @a现代德语实用语法@Axian dai de yu shi yong yu fa@e新正字法@d= Praktische grammatik der modernen deutschen sprache@f王兆渠等编@Fwang zhao qu deng bian@zger |
| 205 | @a第4版 | |
| 210 | @a上海@c同济大学出版社@d2005.02 | |
| 215 | @a713页@d21cm | |
| 320 | @a有书目。 | |
| 330 | @a本书全面地叙述了现代德语的各类语法现象。全书分两部分,第一部分词法,第二部分句法,最后是附录和参考文献。 | |
| 510 | 1 | @aPraktische grammatik der modernen deutschen sprache@zger |
| 517 | 1 | @a新正字法@Axin zheng zi fa |
| 606 | 0 | @a德语@Ade yu@x语法 |
| 690 | @aH334@v4 | |
| 701 | 0 | @a王兆渠@Awang zhao qu@4编 |
| 801 | 0 | @aCN@c20070622 |
| 905 | @dH334@eW455 | |
| 现代德语实用语法:新正字法= Praktische grammatik der modernen deutschen sprache/王兆渠等编.-第4版.-上海:同济大学出版社,2005.02 |
| 713页;21cm |
| ISBN 7-5608-2237-1:CNY32.00 |
| 本书全面地叙述了现代德语的各类语法现象。全书分两部分,第一部分词法,第二部分句法,最后是附录和参考文献。 |
| ● |
| 相关链接 |
|
|
|
正题名:现代德语实用语法
索取号:H334/W455
 
预约/预借
| 序号 | 登录号 | 条形码 | 馆藏地/架位号 | 状态 | 备注 |
| 1 | 240781 | 202407813 | 语言库209/209语言库 119排1列6层/ [索取号:H334/W455] | 在馆 | |
| 2 | 240782 | 202407822 | 语言库209/209语言库 119排1列6层/ [索取号:H334/W455] | 在馆 | |
| 3 | 240783 | 202407831 | 语言库209/209语言库 119排1列6层/ [索取号:H334/W455] | 在馆 |